| 000 | 01101nam a2200229Ia 4500 | ||
|---|---|---|---|
| 999 |
_c38104 _d38104 |
||
| 001 | 4092 | ||
| 003 | GE_BSU | ||
| 005 | 20190917154649.0 | ||
| 008 | 181216s1974||||ge |||||||||||||| ||geo|| | ||
| 040 | _cGE_BSU | ||
| 041 | _ageo | ||
| 080 | _a39(479.223) | ||
| 100 |
_aდავითაძე, ალექსანდრე _94065 |
||
| 245 |
_aქართული მატერიალური კულტურის ისტორიიდან : _bხის დამუშავება და გამოყენება აჭარის ეთნოგრაფიული მასალების მიხედვით / _cრედ. მ. გეგეშიძე. |
||
| 264 |
_aთბ. : _bსაბჭ. აჭარა, _c1974. |
||
| 300 |
_a95 გვ. ; _b22 სმ. |
||
| 520 | _aრეზ. რუს. ენ. | ||
| 653 | _aხის დამუშავება აჭარაში | ||
| 653 | _aაჭარლების ეთნოგრაფია | ||
| 700 |
_aგეგეშიძე, მ. _eრედაქტორი _93925 |
||
| 942 |
_cBK _2udc |
||